القول العفيف في النسب الشريف نسب رسول الله صلى الله عليه وسلم / (رقم التسجيلة. 122648)

تفاصيل مارك
000 -الفاتح
عناصر البيانات ثابتة الطول 00814cam a2200217 i 4500
005 - تاريخ ووقت آخر معاملة
حقل ضبط 20251231102649.0
008 - عناصر البيانات ثابتة الطول
عناصر البيانات ثابتة الطول 250721s2011 ua gr 000 0 ara d
020 ## - الترقيم الدولي المعياري للكتب (ردمك)
الترقيم الدولي المعياري للكتب (ردمك) 9789774362368
082 14 - رقم تصنيف ديوي العشري
رقم التصنيف 219.1
رقم المادة ر ي س
100 1# - مدخل رئيسي – اسم شخصي
الاسم الشخصي الريس، محمد الحسينى
علاقة الشخص بالعمل/ دوره مؤلف.
245 12 - بيان العنوان
العنوان القول العفيف في النسب الشريف نسب رسول الله صلى الله عليه وسلم /
بيان المسؤولية تأليف محمد الحسيني الريس.
250 ## - بيان الطبعة
بيان الطبعة الطبعة الأولى.
264 31 - بيانات النشر، التوزيع…إلخ
مكان النشر، التوزيع...إلخ الجيزة :
اسم الناشر، الموزع...إلخ مكتبة النافذة،
تاريخ النشر، التوزيع...إلخ 2011.
300 ## - الوصف المادي
عدد الوحدات المكونة للوعاء 360 صفحة.
650 17 - مدخل إضافي بالموضوع - مصطلح موضوعي
مصطلح موضوعي أو اسم جغرافي كعنصر مدخل السيرة النبوية.
650 17 - مدخل إضافي بالموضوع - مصطلح موضوعي
مصطلح موضوعي أو اسم جغرافي كعنصر مدخل حياة الرسول.
650 17 - مدخل إضافي بالموضوع - مصطلح موضوعي
مصطلح موضوعي أو اسم جغرافي كعنصر مدخل آل البيت.
650 17 - مدخل إضافي بالموضوع - مصطلح موضوعي
مصطلح موضوعي أو اسم جغرافي كعنصر مدخل الهجرة النبوية.
942 ## - بيانات إضافية (كوها)
نوع التنصيف Dewey Decimal Classification
نوع المادة (كوها) كتب
المقتنيات
حالة السحب حالة الفقدان مصدر التصنيف حالة التلف غير قابل للإعارة المكتبة الرئيسية المكتبة الحالية موقع الرف تاريخ التزويد الرقم المتسلسل Total Checkouts رقم الإستدعاء الباركود تاريخ آخر ظهور تاريخ الفاتورة نوع المادة (كوها)
    Dewey Decimal Classification     المكتبة المركزية المكتبة المركزية الإعارة 28/07/2025 1433119   219.1 / ر ي س PLD00187466 28/07/2025 28/07/2025 كتب
    Dewey Decimal Classification     مكتبة الأميرة ايمان العامة مكتبة الأميرة ايمان العامة الإعارة 03/02/2011 1433121   219.1/ريس PLD00188672 28/07/2025 03/02/2011 كتب
    Dewey Decimal Classification     مكتبة صويلح العامة مكتبة صويلح العامة الإعارة 03/02/2011 1433120   219.1/ريس PLD00188673 28/07/2025 03/02/2011 كتب
Implemented & Customized by: BBB with SCIT (Smart Chains for Information Technology)

Powered by Koha